000 00798nam a2200229Ia 4500
008 191130s2009##################000#0#eng##
020 _a9780691116419
040 _aACL
_cACL
082 _a658.155015195 ENG
100 _aEngle, R. F
245 _aAnticipating correlations : a new paradigm for risk management
_cRobert Engle
260 _aPrinceton, NJ
_bPrinceton University Press
_c2009
300 _avi, 154 p. : ill. ; 25 cm
500 _aIncludes bibliographical references (p. [141]-149) and index
650 _aCorrelation (Statistics)
650 _aEconomic forecasting - Mathematical models
650 _aFinance - Econometrics models
650 _aRisk management - Mathematical models
990 _a42f5331aac10000c33a51a285bb7f659
991 _a160109
999 _c371236
_d371236